[Event "France - Open A"]
[Site "Chartres"]
[Date "2019.08.20"]
[Round "4.12"]
[White "Girardon, Jerome"]
[Black "Rode, Antony"]
[Result "0-1"]
[WhiteElo "2164"]
[BlackElo "2076"]
[PlyCount "80"]
[EventDate "2019.08.??"]
[EventType "swiss"]
[EventRounds "9"]
[EventCountry "FRA"]
[WhiteTeam "Gueugnon Echecs"]
[BlackTeam "Club d'Echecs du Vesinet"]

1. d4 Nf6 2. c4 e6 3. Nf3 d5 4. Nc3 Bb4 5. Qa4+ Nc6 6. Bg5 Bd7 7. Qc2 h6 8.
Bxf6 Qxf6 9. e3 O-O 10. Be2 dxc4 11. O-O Bxc3 12. bxc3 b5 13. a4 a6 14. Rfb1
Rab8 15. axb5 axb5 16. Ra6 Rfc8 17. Nd2 Qe7 18. f4 Nd8 19. Ne4 Nb7 20. g4 f5
21. Ng3 c5 22. Kf2 cxd4 23. cxd4 Nd6 24. h4 Bc6 25. d5 Bxd5 26. Rxd6 Qxd6 27.
gxf5 e5 28. Rg1 exf4 29. Nh5 fxe3+ 30. Ke1 g5 31. Qc3 Rc7 32. hxg5 Qh2 33. Qxe3
Qh4+ 34. Kf1 hxg5 35. Nf6+ Kf7 36. Nxd5 Re8 37. Qf3 Ra7 38. Qc3 Ra6 39. Bf3
Qh3+ 40. Rg2 Qh1+ 0-1

[Event "France - Open A"]
[Site "Chartres"]
[Date "2019.08.20"]
[Round "4.13"]
[White "Weill, Roland"]
[Black "Denninger, Guilhem"]
[Result "1/2-1/2"]
[WhiteElo "2146"]
[BlackElo "2072"]
[PlyCount "65"]
[EventDate "2019.08.??"]
[EventType "swiss"]
[EventRounds "9"]
[EventCountry "FRA"]
[WhiteTeam "Echiquier Centre Vaucluse "]
[BlackTeam "Echecs Club Montpellier"]

1. Nf3 Nf6 2. g3 d5 3. Bg2 b6 4. O-O Bb7 5. d3 e6 6. Nbd2 Be7 7. Re1 O-O 8. e4
dxe4 9. Ng5 Nd5 10. Ndxe4 h6 11. Nf3 c5 12. c3 Nc6 13. Qc2 Rc8 14. Rd1 Qc7 15.
a3 Rfd8 16. c4 Nf6 17. Bf4 e5 18. Be3 Nxe4 19. dxe4 Nd4 20. Bxd4 cxd4 21. Rac1
b5 22. c5 Bxc5 23. Qd3 Qd6 24. b4 Bb6 25. Qxb5 Bxe4 26. Rxc8 Rxc8 27. Qxe5 Qxe5
28. Nxe5 Bxg2 29. Kxg2 Rc3 30. a4 f6 31. Nd7 Rc4 32. Nxb6 axb6 33. a5 1/2-1/2

[Event "France - Open A"]
[Site "Chartres"]
[Date "2019.08.20"]
[Round "4.14"]
[White "Marchais, Antoine"]
[Black "Bernard, Jacques"]
[Result "0-1"]
[WhiteElo "1975"]
[BlackElo "2140"]
[PlyCount "104"]
[EventDate "2019.08.??"]
[EventType "swiss"]
[EventRounds "9"]
[EventCountry "FRA"]
[WhiteTeam "Rennes Paul Bert"]
[BlackTeam "Evry Grand Roque"]

1. e4 c5 2. Nc3 Nc6 3. g3 g6 4. Bg2 Bg7 5. d3 e6 6. Be3 Nd4 7. Qd2 Ne7 8. Nce2
e5 9. c3 Ne6 10. f4 d5 11. fxe5 Bxe5 12. d4 cxd4 13. cxd4 Bg7 14. Nc3 O-O 15.
Nge2 Nc7 16. Rd1 Be6 17. O-O Qd7 18. Nf4 Rad8 19. Nxe6 fxe6 20. e5 Rxf1+ 21.
Bxf1 a6 22. g4 Rc8 23. Bd3 b5 24. Rf1 Nc6 25. Ne2 Na8 26. Bg5 Nb6 27. b3 Rf8
28. Rxf8+ Bxf8 29. Bf6 Nd8 30. Nf4 Bg7 31. Nxg6 hxg6 32. Bxg6 Nf7 33. Qd3 Qc7
34. Bh7+ Kh8 35. Bxg7+ Kxg7 36. Qg6+ Kf8 37. Qg8+ Ke7 38. Bg6 Qc1+ 39. Kg2 Qd2+
40. Kg3 Qe3+ 41. Kg2 Qe2+ 42. Kg3 Qe3+ 43. Kg2 Qf4 44. Bxf7 Qxf7 45. Qg5+ Ke8
46. h4 Nd7 47. h5 Qh7 48. Kg3 Qd3+ 49. Kh4 Qxd4 50. Qg8+ Nf8 51. Qg7 Qe4 52. h6
d4 0-1

[Event "France - Open A"]
[Site "Chartres"]
[Date "2019.08.20"]
[Round "4.15"]
[White "Bellaiche, Elise"]
[Black "Haie, Arnaud"]
[Result "0-1"]
[WhiteElo "1996"]
[BlackElo "2130"]
[PlyCount "120"]
[EventDate "2019.08.??"]
[EventType "swiss"]
[EventRounds "9"]
[EventCountry "FRA"]
[WhiteTeam "Cercle d'Echecs de Villepinte"]
[BlackTeam "Cavalier de l'Espérance Cercle J.J. Paur"]

1. d4 d5 2. Bf4 c5 3. e3 Nc6 4. c3 cxd4 5. exd4 f6 6. Bd3 g6 7. Qe2 Bg7 8. Bb5
Qb6 9. Nf3 Bg4 10. O-O Kf8 11. Bxc6 bxc6 12. h3 Bd7 13. b3 Nh6 14. Nbd2 Nf7 15.
c4 Re8 16. Be3 Qb8 17. Rac1 e6 18. Nb1 Kg8 19. Qd2 Bf8 20. Qc2 Bd6 21. Rfd1 Kg7
22. Nc3 h6 23. Na4 Re7 24. Nc5 Be8 25. a3 g5 26. b4 Nd8 27. Re1 Bg6 28. Qa2 Bf7
29. Qc2 Rhe8 30. Rcd1 Qc8 31. Qc1 Nb7 32. Nxb7 Qxb7 33. Bd2 Bb8 34. cxd5 cxd5
35. Qb2 Bh5 36. Qb3 Qb6 37. Qd3 Qd6 38. g3 Rc7 39. Rc1 Rxc1 40. Rxc1 Bc7 41. b5
Bb6 42. Rc6 Qd7 43. Kg2 Rc8 44. Rxc8 Qxc8 45. Bb4 Bg6 46. Qe2 Be4 47. Kh2 Qc1
48. Bc5 Bxc5 49. dxc5 Qxc5 50. Nd2 Bg6 51. Kg2 e5 52. a4 Qb4 53. Qd1 Qc3 54.
Nf1 d4 55. h4 Be4+ 56. Kh2 Qc8 57. Qe1 Qf5 58. Nd2 Bd5 59. hxg5 hxg5 60. Qe2
Qh7+ 0-1

[Event "France - Open A"]
[Site "Chartres"]
[Date "2019.08.20"]
[Round "4.16"]
[White "Steibel, Julien"]
[Black "Droin, Augustin"]
[Result "0-1"]
[WhiteElo "1993"]
[BlackElo "2128"]
[PlyCount "130"]
[EventDate "2019.08.??"]
[EventType "swiss"]
[EventRounds "9"]
[EventCountry "FRA"]
[WhiteTeam "Bischwiller"]
[BlackTeam "Nomad' Echecs"]

1. e4 c5 2. Ne2 Nc6 3. Nbc3 Nf6 4. d4 cxd4 5. Nxd4 e5 6. Ndb5 d6 7. Bg5 a6 8.
Na3 b5 9. Nd5 Be7 10. Bxf6 Bxf6 11. c3 O-O 12. Nc2 Bg5 13. h4 Bh6 14. a4 bxa4
15. Ncb4 Nxb4 16. Nxb4 Bb7 17. Nd5 Bxd5 18. Qxd5 Qb6 19. Qa2 d5 20. Bd3 dxe4
21. Bxe4 Bd2+ 22. Kf1 Rab8 23. Rb1 Qb5+ 24. Kg1 Qe2 25. Bf3 Qd3 26. Rh3 e4 27.
Bg4 e3 28. fxe3 Bxc3 29. Rf3 Bf6 30. Bf5 Qb3 31. Qxb3 axb3 32. Kf1 Rb4 33. Rf4
Rxf4+ 34. exf4 Bxh4 35. Ra1 Bf6 36. Rxa6 Rb8 37. Be4 Bxb2 38. Bd5 Bc1 39. Bxb3
Bxf4 40. Bd5 Bg5 41. Ra8 Rxa8 42. Bxa8 h5 43. Kf2 g6 44. Bd5 Kg7 45. Kf3 f5 46.
Ba2 Kf6 47. Bb3 Bd2 48. Ba4 Ba5 49. Be8 Bc7 50. g3 Kg5 51. Bf7 Kh6 52. Be6 Kg7
53. Bd7 Kf7 54. Bc6 g5 55. Bd7 Kf6 56. Be8 g4+ 57. Kg2 Kg5 58. Bf7 Bxg3 59.
Kxg3 h4+ 60. Kh2 h3 61. Be6 f4 62. Bd7 Kh4 63. Bc6 f3 64. Bb7 f2 65. Ba6 g3+
0-1

[Event "France - Open A"]
[Site "Chartres"]
[Date "2019.08.20"]
[Round "4.17"]
[White "Nguyen-Cadoret, Nathan"]
[Black "Labandibar, Benoit"]
[Result "1-0"]
[WhiteElo "2122"]
[BlackElo "2059"]
[PlyCount "95"]
[EventDate "2019.08.??"]
[EventType "swiss"]
[EventRounds "9"]
[EventCountry "FRA"]
[WhiteTeam "Cercle d'Echecs de Villepinte"]
[BlackTeam "MJC Chécy"]

1. d4 Nf6 2. c4 g6 3. Nf3 Bg7 4. g3 O-O 5. Bg2 c6 6. O-O d5 7. cxd5 cxd5 8. Ne5
Nfd7 9. f4 Nf6 10. Nc3 Na6 11. e3 h5 12. h3 Nc7 13. a4 a5 14. b3 Nce8 15. g4
hxg4 16. hxg4 e6 17. Nb5 Ne4 18. Bxe4 dxe4 19. Ba3 Nf6 20. Bxf8 Bxf8 21. Qc2
Nd5 22. Qxe4 Qh4 23. Kg2 b6 24. Rh1 Qf6 25. g5 Qg7 26. Kf2 Bb7 27. Ng4 Be7 28.
Qe5 Nb4 29. Qxg7+ Kxg7 30. Rhd1 Rc8 31. Rd2 Bd5 32. Kg3 Nc2 33. Rc1 Bxb3 34.
Rh2 Bxa4 35. Rch1 Rg8 36. Rh7+ Kf8 37. Nh6 Bxb5 38. Nxg8 Nxe3 39. Rh8 Bd6 40.
Nf6+ Ke7 41. Rb1 Bb4 42. Rb8 Nf5+ 43. Kh3 Nxd4 44. Rxb6 Bc6 45. Rd1 Bc5 46.
Rxc6 Nxc6 47. Rd7+ Kf8 48. Rc7 1-0

[Event "France - Open A"]
[Site "Chartres"]
[Date "2019.08.20"]
[Round "4.18"]
[White "Caloone, Thomas"]
[Black "Frantz, Nicolas"]
[Result "0-1"]
[WhiteElo "2111"]
[BlackElo "2045"]
[PlyCount "98"]
[EventDate "2019.08.??"]
[EventType "swiss"]
[EventRounds "9"]
[EventCountry "FRA"]
[WhiteTeam "Lille Université Club Echiquier du Nord"]
[BlackTeam "Vandoeuvre-Echecs"]

1. e4 c5 2. Nf3 Nc6 3. Be2 Nf6 4. d3 e5 5. O-O h6 6. c3 d5 7. Qa4 Qc7 8. exd5
Nxd5 9. d4 cxd4 10. cxd4 e4 11. Ne5 Bd6 12. Bb5 O-O 13. Bxc6 bxc6 14. Qxc6 Bxe5
15. Qxd5 Bxh2+ 16. Kh1 Bb7 17. Qf5 Bd6 18. Nc3 Qe7 19. Kg1 Qh4 20. g3 Qe7 21.
Be3 Rad8 22. Kg2 g6 23. Qb5 h5 24. Rh1 Rb8 25. Rh4 Qf6 26. Qe2 Be7 27. Rf4 Qg7
28. d5 Bf6 29. Rd1 Rfe8 30. Nxe4 Be5 31. Rh4 Rbd8 32. Qb5 Ba8 33. Nc3 Bf6 34.
Ra4 h4 35. Bd4 hxg3 36. Bxf6 Qxf6 37. fxg3 Rb8 38. Qd3 Rxb2+ 39. Rd2 Reb8 40.
Rxa7 Qg5 41. Rc2 Bxd5+ 42. Nxd5 Rxc2+ 43. Qxc2 Qxd5+ 44. Kh2 Qh5+ 45. Kg2 Qd5+
46. Kh2 Re8 47. Ra4 Qh5+ 48. Kg1 Re1+ 49. Kf2 Qh2+ 0-1

[Event "France - Open A"]
[Site "Chartres"]
[Date "2019.08.20"]
[Round "4.19"]
[White "Kieffer, Anatole"]
[Black "Emmenecker, Philippe"]
[Result "1-0"]
[WhiteElo "1973"]
[BlackElo "2098"]
[PlyCount "95"]
[EventDate "2019.08.??"]
[EventType "swiss"]
[EventRounds "9"]
[EventCountry "FRA"]
[WhiteTeam "Evry Grand Roque"]
[BlackTeam "Issy-Les-Moulineaux"]

1. e4 e5 2. Nf3 Nc6 3. Bc4 Nf6 4. d3 h6 5. c3 d6 6. a4 g6 7. a5 a6 8. O-O Bg7
9. Qb3 O-O 10. Re1 Qe7 11. Nbd2 Kh7 12. Nf1 Bg4 13. Qxb7 Qd7 14. Qb3 Bxf3 15.
gxf3 Nd8 16. Ng3 c6 17. d4 Nh5 18. d5 cxd5 19. Bxd5 Rc8 20. Qb6 Nf4 21. Qxa6 h5
22. Bxf4 exf4 23. Ne2 Ne6 24. Qd3 Ng5 25. Kh1 Nh3 26. Kg2 Be5 27. a6 Rc7 28.
Ng1 Ng5 29. Ra3 Rfc8 30. Rc1 Ra7 31. Bb7 Rc7 32. b4 Rcxb7 33. axb7 Rxb7 34. Rb1
Ne6 35. c4 Qe7 36. Ra5 Bd4 37. Rd5 Be5 38. c5 Qg5+ 39. Kf1 dxc5 40. bxc5 Rc7
41. c6 Qf6 42. Rbb5 Ba1 43. e5 Qh4 44. Rb1 Rxc6 45. Rxa1 Qxh2 46. Rd7 Kg7 47.
Rxf7+ Kh6 48. Rf6 1-0

[Event "France - Open A"]
[Site "Chartres"]
[Date "2019.08.20"]
[Round "4.20"]
[White "L'Huillier, Thibaud"]
[Black "Ribiere, Damien"]
[Result "1/2-1/2"]
[WhiteElo "2093"]
[BlackElo "2042"]
[PlyCount "106"]
[EventDate "2019.08.??"]
[EventType "swiss"]
[EventRounds "9"]
[EventCountry "FRA"]
[WhiteTeam "Club d'Echecs de Saint-Maur"]
[BlackTeam "Club d'Echecs de Guyancourt"]

1. d4 Nf6 2. c4 g6 3. Nc3 Bg7 4. e4 d6 5. Nf3 O-O 6. Be2 Bg4 7. O-O Nfd7 8. Be3
Nc6 9. d5 Bxf3 10. Bxf3 Na5 11. Be2 Bxc3 12. bxc3 e5 13. dxe6 fxe6 14. Qa4 b6
15. Rad1 Nb7 16. f4 Nbc5 17. Qc6 Qe7 18. Bf3 Rac8 19. Qb5 e5 20. Bg4 Rcd8 21.
Bxd7 Qxd7 22. Bxc5 Qxb5 23. cxb5 dxc5 24. Rxd8 Rxd8 25. fxe5 Re8 26. Rd1 Rxe5
27. Rd8+ Kf7 28. Rh8 Rxe4 29. Rxh7+ Kf6 30. Rxc7 Ra4 31. Rc6+ Kf5 32. h3 Rxa2
33. Rc7 Ra5 34. Kf2 Rxb5 35. Rxa7 Rb2+ 36. Kf3 Rb3 37. g4+ Kf6 38. h4 Rxc3+ 39.
Kf4 Rc4+ 40. Kf3 Rb4 41. Rc7 Ke5 42. Re7+ Kd5 43. Rd7+ Kc4 44. h5 gxh5 45. gxh5
Ra4 46. h6 Ra8 47. h7 Rh8 48. Ke3 b5 49. Kd2 b4 50. Kc2 b3+ 51. Kb2 Ra8 52. Ra7
Rh8 53. Rb7 Rf8 1/2-1/2

[Event "France - Open A"]
[Site "Chartres"]
[Date "2019.08.20"]
[Round "4.21"]
[White "Azymah, Remy"]
[Black "Sabatier, Mathis"]
[Result "0-1"]
[WhiteElo "1957"]
[BlackElo "2152"]
[PlyCount "40"]
[EventDate "2019.08.??"]
[EventType "swiss"]
[EventRounds "9"]
[EventCountry "FRA"]
[WhiteTeam "Evry Grand Roque"]
[BlackTeam "Echecs Club de Corbas"]

1. e4 e5 2. Nf3 Nc6 3. d4 exd4 4. Nxd4 Qf6 5. Nb3 Qg6 6. f3 Nf6 7. Nc3 Bb4 8.
Bd2 O-O 9. a3 Bxc3 10. Bxc3 Re8 11. Qd2 d5 12. e5 Nxe5 13. O-O-O b6 14. f4 Nc4
15. Bxc4 dxc4 16. Nd4 Bb7 17. f5 Qg4 18. h3 Qg3 19. Ne2 Qf2 20. Qg5 h6 0-1

[Event "France - Open A"]
[Site "Chartres"]
[Date "2019.08.20"]
[Round "4.22"]
[White "Llapasset, Jean-Louis"]
[Black "De Lussac, Rainier"]
[Result "1/2-1/2"]
[WhiteElo "2050"]
[BlackElo "2164"]
[PlyCount "91"]
[EventDate "2019.08.??"]
[EventType "swiss"]
[EventRounds "9"]
[EventCountry "FRA"]
[WhiteTeam "Echiquier Diabolique de Canohes"]
[BlackTeam "Cercle d'Echecs de Nantes"]

1. e4 c6 2. d4 d5 3. e5 Bf5 4. Nf3 e6 5. Be2 Ne7 6. Be3 Nd7 7. O-O Ng6 8. c4 f6
9. exf6 Nxf6 10. Ne5 Bd6 11. f4 O-O 12. Nc3 Ne4 13. g3 Ne7 14. c5 Bxe5 15. fxe5
Bh3 16. Rf4 Rxf4 17. Bxf4 Nf5 18. Qd3 b6 19. g4 Qh4 20. Nxe4 dxe4 21. Qxe4 Rf8
22. cxb6 axb6 23. Rd1 Bxg4 24. Bg5 Qxg5 25. Qxg4 Qe3+ 26. Kh1 Rd8 27. Bc4 Nxd4
28. Bxe6+ Kh8 29. Bd7 Rxd7 30. e6 Rd8 31. e7 Qxe7 32. Rxd4 Qe1+ 33. Kg2 Rf8 34.
Qf3 Qe8 35. Qd3 h6 36. Rd7 Qe1 37. Rd8 Qf2+ 38. Kh3 Qf6 39. Rxf8+ Qxf8 40. Qe4
Qc8+ 41. Kg3 Kg8 42. a4 c5 43. Kf2 Kf7 44. Qf4+ Ke7 45. Qe5+ Kf7 46. Qf4+
1/2-1/2

[Event "France - Open A"]
[Site "Chartres"]
[Date "2019.08.20"]
[Round "4.23"]
[White "Jaulin, Marc"]
[Black "Spitz, Christophe"]
[Result "1-0"]
[WhiteElo "2038"]
[BlackElo "2147"]
[PlyCount "73"]
[EventDate "2019.08.??"]
[EventType "swiss"]
[EventRounds "9"]
[EventCountry "FRA"]
[WhiteTeam "Echiquier de Franconville"]
[BlackTeam "U.S. Orléans.Echecs"]

1. e4 c5 2. Nc3 Nc6 3. Nf3 g6 4. d4 cxd4 5. Nxd4 Bg7 6. Nb3 Nf6 7. Be2 d6 8.
O-O O-O 9. Bg5 Bd7 10. Kh1 Rc8 11. f4 a6 12. Bf3 b5 13. Nd5 h6 14. Bh4 Be6 15.
c3 a5 16. Nxf6+ Bxf6 17. Bxf6 exf6 18. Nd4 b4 19. Nxc6 Rxc6 20. cxb4 axb4 21.
a4 b3 22. f5 Bc4 23. Rf2 Ra6 24. fxg6 fxg6 25. Be2 Qc7 26. Qc1 Rc6 27. Qxh6 Qg7
28. Bxc4+ Rxc4 29. Qe3 Qb7 30. Rf3 Ra8 31. Rxf6 Rxe4 32. Rxg6+ Kf7 33. Qg5
Raxa4 34. Rf1+ Ke8 35. Rg8+ Kd7 36. Rg7+ Kc6 37. Rxb7 1-0

[Event "France - Open A"]
[Site "Chartres"]
[Date "2019.08.20"]
[Round "4.24"]
[White "Roux, Baptiste"]
[Black "Poulet, Benoit"]
[Result "1-0"]
[WhiteElo "2130"]
[BlackElo "2048"]
[PlyCount "87"]
[EventDate "2019.08.??"]
[EventType "swiss"]
[EventRounds "9"]
[EventCountry "FRA"]
[WhiteTeam "Corsica Chess Club"]
[BlackTeam "Echiquier des Lions - Lyon Oullins"]

1. e4 c5 2. Nf3 Nc6 3. c3 d5 4. exd5 Qxd5 5. d4 Nf6 6. Be3 cxd4 7. cxd4 e6 8.
Nc3 Qd6 9. Be2 Be7 10. O-O O-O 11. Nb5 Qd8 12. Bf4 a6 13. Nc3 Nd5 14. Bg3 Qa5
15. Qb3 Rd8 16. Rfd1 Nf6 17. Rac1 Nb4 18. Ne5 Nc6 19. Nxc6 bxc6 20. Bf3 Bd7 21.
Na4 Nd5 22. Nc5 Bc8 23. Nb7 Bxb7 24. Qxb7 Qb5 25. Qxc6 Rab8 26. Bxb8 Rxb8 27.
Bxd5 Qxd5 28. Qxd5 exd5 29. Rc7 Bf8 30. b3 Rb5 31. g3 g6 32. Ra7 a5 33. a4 Rxb3
34. Rxa5 Ra3 35. Rb1 Bh6 36. Rb8+ Kg7 37. Rb7 Bd2 38. Rxd5 Rxa4 39. Rdd7 Kh6
40. Rxf7 Rxd4 41. h4 Kh5 42. Rxh7+ Kg4 43. Kg2 Kf5 44. Rbe7 1-0

[Event "France - Open A"]
[Site "Chartres"]
[Date "2019.08.20"]
[Round "4.25"]
[White "Juran, Baptiste"]
[Black "Maleki, Nicolas"]
[Result "0-1"]
[WhiteElo "2038"]
[BlackElo "2118"]
[PlyCount "102"]
[EventDate "2019.08.??"]
[EventType "swiss"]
[EventRounds "9"]
[EventCountry "FRA"]
[WhiteTeam "Cercle d'Echecs de Villepinte"]
[BlackTeam "Echiquier Tourangeau"]

1. e4 c5 2. Nc3 Nc6 3. g3 g6 4. Bg2 Bg7 5. d3 e6 6. Be3 d6 7. Qd2 Nge7 8. Nd1
O-O 9. Bh6 f5 10. h4 Ne5 11. Bxg7 Kxg7 12. h5 Ng8 13. f4 Ng4 14. Bf3 N8f6 15.
hxg6 hxg6 16. Nf2 Nxf2 17. Qxf2 Qa5+ 18. Qd2 Qxd2+ 19. Kxd2 Bd7 20. Nh3 Nh7 21.
Rh2 Bc6 22. Rah1 e5 23. Ke3 Rae8 24. Ng5 Nxg5 25. fxg5 Rh8 26. c3 Rxh2 27. Rxh2
Rh8 28. Rxh8 Kxh8 29. Bd1 d5 30. Bf3 fxe4 31. dxe4 d4+ 32. Kd3 Bb5+ 33. c4 Bd7
34. Bg2 Bg4 35. Kd2 Kg7 36. b3 Kf7 37. Bf1 Ke7 38. Bd3 Kd6 39. Kc2 Kc6 40. a3
a6 41. Kb2 Bf3 42. Kc2 b5 43. Kb2 Kb6 44. Kc2 Bg4 45. Kb2 Bd7 46. Ka2 Be8 47.
Kb2 Bc6 48. Ka2 a5 49. Kb2 a4 50. Kc2 axb3+ 51. Kxb3 bxc4+ 0-1

[Event "France - Open A"]
[Site "Chartres"]
[Date "2019.08.20"]
[Round "4.26"]
[White "Gollain, Marc"]
[Black "Batteux, Mickael"]
[Result "1/2-1/2"]
[WhiteElo "2115"]
[BlackElo "2037"]
[PlyCount "61"]
[EventDate "2019.08.??"]
[EventType "swiss"]
[EventRounds "9"]
[EventCountry "FRA"]
[WhiteTeam "Malakoff et Mat"]
[BlackTeam "Fillé sur Sarthe"]

1. c4 e5 2. g3 Nf6 3. Bg2 d5 4. cxd5 Nxd5 5. Nc3 Nb6 6. Nf3 Nc6 7. a3 Be7 8. b4
Be6 9. Rb1 a6 10. d3 O-O 11. O-O h6 12. Ne4 Ba2 13. Rb2 Bd5 14. Nc5 Nd4 15. e3
Nxf3+ 16. Bxf3 Bxf3 17. Qxf3 Bxc5 18. bxc5 Na4 19. Rxb7 Nxc5 20. Rb1 Nxd3 21.
e4 Nxc1 22. Rfxc1 Rb8 23. Rxb8 Qxb8 24. Qc3 Qb5 25. Qxc7 Qa4 26. Qxe5 Qxa3 27.
Ra1 Qd3 28. Qd5 Qe2 29. Ra2 Qb5 30. Ra5 Qe2 31. Ra2 1/2-1/2

[Event "France - Open A"]
[Site "Chartres"]
[Date "2019.08.20"]
[Round "4.27"]
[White "Baroyan, Davit"]
[Black "Van Den Brande, Norman"]
[Result "1-0"]
[WhiteElo "2094"]
[BlackElo "1994"]
[PlyCount "47"]
[EventDate "2019.08.??"]
[EventType "swiss"]
[EventRounds "9"]
[EventCountry "FRA"]
[WhiteTeam "Marseille-Echecs"]
[BlackTeam "Maison des Echecs Toulouse Lardenne"]

1. e4 c5 2. Nf3 Nc6 3. d4 cxd4 4. Nxd4 g6 5. Be3 Bg7 6. Nc3 Nf6 7. Bc4 O-O 8.
Bb3 d6 9. f3 Bd7 10. Qd2 Rc8 11. O-O-O a6 12. g4 b5 13. h4 b4 14. Nd5 a5 15.
Nxc6 Rxc6 16. Nxf6+ Bxf6 17. h5 e6 18. g5 Bh8 19. Qh2 Qe7 20. Bf4 Rd8 21. Bxd6
Qxg5+ 22. f4 Qf6 23. e5 Qg7 24. h6 1-0

[Event "France - Open A"]
[Site "Chartres"]
[Date "2019.08.20"]
[Round "4.28"]
[White "Henno, Francois"]
[Black "Humeau, Mickael"]
[Result "1/2-1/2"]
[WhiteElo "2077"]
[BlackElo "1993"]
[PlyCount "63"]
[EventDate "2019.08.??"]
[EventType "swiss"]
[EventRounds "9"]
[EventCountry "FRA"]
[WhiteTeam "Cercle d'Echecs de Nantes"]
[BlackTeam "L'Echiquier Angevin"]

1. e4 b6 2. d4 Bb7 3. Nc3 g6 4. Be3 Bg7 5. Qd2 h6 6. O-O-O e6 7. Nge2 d6 8. h4
Nd7 9. f3 a6 10. Kb1 Ne7 11. d5 e5 12. g4 Ng8 13. Bh3 Qe7 14. g5 h5 15. Nc1 Qd8
16. Nd3 Ne7 17. Ne2 Bc8 18. f4 exf4 19. Bxf4 O-O 20. Be3 Nc5 21. Nxc5 bxc5 22.
Bxc8 Nxc8 23. Qd3 Qe7 24. Bd2 Re8 25. Ng3 Nb6 26. Bc3 Nd7 27. Bxg7 Kxg7 28.
Rhf1 Ne5 29. Qe2 Qd7 30. Rf4 Re7 31. Rdf1 Qb5 32. Qxb5 1/2-1/2

[Event "France - Open A"]
[Site "Chartres"]
[Date "2019.08.20"]
[Round "4.29"]
[White "Valentin, Rene"]
[Black "Adrian, Leopold"]
[Result "0-1"]
[WhiteElo "2076"]
[BlackElo "1990"]
[PlyCount "28"]
[EventDate "2019.08.??"]
[EventType "swiss"]
[EventRounds "9"]
[EventCountry "FRA"]
[WhiteTeam "C'Chartres Echecs"]
[BlackTeam "Vandoeuvre-Echecs"]

1. e4 e6 2. d4 d5 3. e5 c5 4. Nf3 Nc6 5. c3 Nge7 6. Na3 cxd4 7. cxd4 Nf5 8. Nc2
Qb6 9. Bd3 Bb4+ 10. Kf1 Bd7 11. Be2 Be7 12. g4 Nh4 13. Nxh4 Bxh4 14. b4 Nxe5
0-1

[Event "France - Open A"]
[Site "Chartres"]
[Date "2019.08.20"]
[Round "4.30"]
[White "Bergougnoux, Axel"]
[Black "Perradin, Vincent"]
[Result "1/2-1/2"]
[WhiteElo "2064"]
[BlackElo "1982"]
[PlyCount "108"]
[EventDate "2019.08.??"]
[EventType "swiss"]
[EventRounds "9"]
[EventCountry "FRA"]
[WhiteTeam "Cannes Echecs"]
[BlackTeam "Echecs Club de Villeurbanne"]

1. e4 e5 2. Nf3 Nc6 3. Nc3 Nf6 4. Bb5 d6 5. d4 exd4 6. Nxd4 Bd7 7. Nf5 Bxf5 8.
exf5 Qd7 9. Qf3 O-O-O 10. O-O Kb8 11. Bg5 Be7 12. Rfe1 Rde8 13. Rad1 Bd8 14.
Rxe8 Rxe8 15. h3 h6 16. Bxf6 Bxf6 17. Ne4 Re5 18. Nxf6 gxf6 19. Bxc6 Qxc6 20.
Qxc6 bxc6 21. g4 Kb7 22. Rd2 Kb6 23. Kg2 a5 24. Kg3 c5 25. f4 Re3+ 26. Kh4 c4
27. Rh2 d5 28. Kh5 d4 29. h4 Rg3 30. b3 c3 31. g5 fxg5 32. fxg5 hxg5 33. hxg5
a4 34. g6 fxg6+ 35. fxg6 axb3 36. axb3 Kc5 37. Rh4 Rg2 38. Rg4 Rxg4 39. Kxg4 d3
40. g7 d2 41. g8=Q d1=Q+ 42. Kf4 Qd2+ 43. Kf3 Qd1+ 44. Ke3 Qd4+ 45. Kf3 Kb4 46.
Qf8+ c5 47. Qa8 Qd1+ 48. Kf4 Qf1+ 49. Kg3 Qe1+ 50. Kf4 Qf2+ 51. Kg4 Qd4+ 52.
Kf3 Qf6+ 53. Ke3 Qe7+ 54. Kf3 Qf6+ 1/2-1/2

[Event "France - Open A"]
[Site "Chartres"]
[Date "2019.08.20"]
[Round "4.31"]
[White "Eche, Sylvain"]
[Black "Gonzalez, Loic"]
[Result "1/2-1/2"]
[WhiteElo "2058"]
[BlackElo "1971"]
[PlyCount "64"]
[EventDate "2019.08.??"]
[EventType "swiss"]
[EventRounds "9"]
[EventCountry "FRA"]
[WhiteTeam "C'Chartres Echecs"]
[BlackTeam "AGJA-Echiquier Aquitaine"]

1. e4 e5 2. Nf3 Nc6 3. d4 exd4 4. Bc4 Nf6 5. e5 d5 6. Bb5 Ne4 7. Nxd4 Bc5 8.
Be3 O-O 9. Nxc6 bxc6 10. Bxc5 Nxc5 11. Bxc6 Rb8 12. Qxd5 Qe7 13. O-O Ba6 14.
Re1 Rxb2 15. Qd4 Rxc2 16. Nc3 Ne6 17. Qxa7 Qa3 18. Bb5 Qxc3 19. Qxa6 Nf4 20.
Qa4 c6 21. Bf1 Qd2 22. Qb3 Qxf2+ 23. Kh1 Nxg2 24. Qxc2 Qxc2 25. Bxg2 Ra8 26.
Rac1 Qxa2 27. Rxc6 Rd8 28. Rd6 Qa5 29. Red1 Rf8 30. Bd5 g6 31. Rf1 Kg7 32. e6
f5 1/2-1/2

[Event "France - Open A"]
[Site "Chartres"]
[Date "2019.08.20"]
[Round "4.32"]
[White "Muller, Matthieu"]
[Black "Afraoui, Anaelle"]
[Result "1-0"]
[WhiteElo "1953"]
[BlackElo "2163"]
[PlyCount "61"]
[EventDate "2019.08.??"]
[EventType "swiss"]
[EventRounds "9"]
[EventCountry "FRA"]
[WhiteTeam "Mulhouse Philidor"]
[BlackTeam "Clichy-Echecs-92"]

1. e4 c5 2. Nf3 Nc6 3. Bb5 g6 4. O-O Bg7 5. Re1 Nf6 6. e5 Nd5 7. Nc3 Nc7 8.
Bxc6 dxc6 9. Ne4 Ne6 10. d3 O-O 11. Be3 b6 12. Qd2 f5 13. exf6 exf6 14. Bh6 a5
15. Bxg7 Kxg7 16. Ng3 Ra7 17. Re2 Re7 18. Rae1 Rfe8 19. Re4 Qc7 20. Rh4 Rf8 21.
Qh6+ Kg8 22. Rhe4 Rff7 23. h4 Nf8 24. h5 Rxe4 25. Nxe4 Bg4 26. hxg6 hxg6 27.
Nh4 Bh5 28. g4 f5 29. gxh5 fxe4 30. Nxg6 Rh7 31. Qxf8# 1-0

[Event "France - Open A"]
[Site "Chartres"]
[Date "2019.08.20"]
[Round "4.33"]
[White "Labrande, Theodore"]
[Black "Trouve, Guillaume"]
[Result "1-0"]
[WhiteElo "1996"]
[BlackElo "2114"]
[PlyCount "71"]
[EventDate "2019.08.??"]
[EventType "swiss"]
[EventRounds "9"]
[EventCountry "FRA"]
[WhiteTeam "La Tour Saint Pierroise"]
[BlackTeam "Mulhouse Philidor"]

1. e4 c5 2. Nf3 e6 3. Nc3 d6 4. d4 cxd4 5. Nxd4 Nf6 6. Bg5 h6 7. Be3 a6 8. f3
Nbd7 9. Qd2 b5 10. g4 Bb7 11. h4 b4 12. Nce2 d5 13. g5 hxg5 14. exd5 Bxd5 15.
Bxg5 e5 16. Nf5 Bxf3 17. Rg1 Qc7 18. Bh3 g6 19. Ne3 Be7 20. Rf1 Bc6 21. Bxd7+
Nxd7 22. Bxe7 Kxe7 23. Qxb4+ Ke8 24. Nc4 Rb8 25. Nd6+ Kd8 26. Nxf7+ Ke8 27.
Nd6+ Kd8 28. Qd2 Ke7 29. O-O-O Rh5 30. Rf7+ Ke6 31. Nf4+ exf4 32. Re1+ Re5 33.
Rxe5+ Kxe5 34. Qxf4+ Kd5 35. c4+ Ke6 36. Qe3+ 1-0